000 01551cam a2200457 i 4500
001 3581
003 KOSZ 005
005 20201123125738.0
008 981023s1986 pl a f f |000 0 pol
015 _aPB 1987/1717
040 _aWA N
_cWA N
_dKOSZ 005/HR
046 _k1986
080 _a696
080 _a628.1
080 _a628.2
080 _a(075.8)
100 1 _aSosnowski, Stanisław
_eAutor
245 1 0 _aPrzykłady projektowania instalacji wodociągowych i kanalizacyjnych /
_cStanisław Sosnowski, Jan Tabernacki, Ryszard Wenda.
260 _aWarszawa :
_bWydawnictwa Politechniki Warszawskiej,
_c1986.
300 _a195 s., [2] k. tabl. :
_brys., wykr. ;
_c24 cm.
336 _2rdacontent
_aTekst
_btxt
337 _2rdamedia
_aBez urządzenia pośredniczącego
_bn
338 _2rdacarrier
_aWolumin
_bnc
380 _aKsiążki
380 _aPublikacje dydaktyczne
385 _mPoziom nauczania
_aSzkoły wyższe
388 _a1901-2000
388 _a1945-1989
504 _aBibliogr. s. 195.
650 4 _aKanalizacja
650 4 _aWodociąg
650 4 _aProjektowanie
655 4 _aPodręczniki akademickie
658 _aInżynieria i technika
658 _aArchitektura i budownictwo
700 1 _aTabernacki, Jan
_eAutor
700 1 _aWenda, Ryszard
_eAutor
710 2 _aWydawnictwa Politechniki Warszawskiej
_4pbl.
856 _uhttp://koha.tu.koszalin.pl/cgi-bin/koha/opac-detail.pl?biblionumber=3581
_yKatalog online BPK
942 _2UKD
_cKS
999 _c3581
_d3581